Statistics for 日本の衆議院議員(2023.07.25現在)

Click here to take the quiz!

General Stats

  • This quiz has been taken 20 times
  • The average score is 51 of 464

Answer Stats

選挙区政党議員名% Correct
広島1区自由民主党岸田文雄
94%
福岡8区自由民主党麻生太郎
76%
千葉4区立憲民主党野田佳彦
76%
東京18区立憲民主党菅直人
76%
神奈川2区自由民主党菅義偉
76%
神奈川11区自由民主党小泉進次郎
71%
鳥取1区自由民主党石破茂
71%
香川2区国民民主党玉木雄一郎
71%
神奈川15区自由民主党河野太郎
71%
比例東北(岩手3区)立憲民主党小沢一郎
65%
比例南関東(比例単独)日本共産党志位和夫
65%
東京24区自由民主党萩生田光一
53%
埼玉5区立憲民主党枝野幸男
53%
和歌山3区自由民主党二階俊博
53%
京都3区立憲民主党泉健太
47%
群馬5区自由民主党小渕優子
47%
奈良2区自由民主党高市早苗
47%
鹿児島4区自由民主党森山裕
47%
岐阜1区自由民主党野田聖子
47%
比例東京(東京1区)立憲民主党海江田万里
41%
福井1区自由民主党稲田朋美
41%
茨城7区自由民主党永岡桂子
41%
京都2区国民民主党前原誠司
41%
山口3区自由民主党林芳正
41%
兵庫9区自由民主党西村康稔
41%
岡山5区自由民主党加藤勝信
41%
千葉12区自由民主党浜田靖一
41%
栃木5区自由民主党茂木敏充
35%
群馬1区自由民主党中曽根康隆
35%
東京7区立憲民主党長妻昭
35%
北海道8区立憲民主党逢坂誠二
35%
山口2区自由民主党岸信千世
35%
静岡1区自由民主党上川陽子
35%
香川1区立憲民主党小川淳也
35%
島根1区自由民主党細田博之
35%
比例近畿(大阪13区)自由民主党宗清皇一
29%
岡山1区自由民主党逢沢一郎
29%
群馬4区自由民主党福田達夫
29%
高知1区自由民主党中谷元
29%
北海道5区自由民主党和田義明
29%
神奈川17区自由民主党牧島かれん
29%
東京20区自由民主党木原誠二
29%
広島3区公明党斉藤鉄夫
29%
北海道10区公明党稲津久
29%
北海道7区自由民主党伊東良孝
29%
青森2区自由民主党神田潤一
29%
三重4区自由民主党鈴木英敬
29%
静岡5区自由民主党細野豪志
29%
山形1区自由民主党遠藤利明
29%
比例南関東(千葉8区)自由民主党桜田義孝
29%
宮城5区立憲民主党安住淳
29%
沖縄4区自由民主党西銘恒三郎
24%
千葉3区自由民主党松野博一
24%
比例南関東(神奈川13区)自由民主党甘利明
24%
三重2区自由民主党川崎秀人
24%
大阪12区日本維新の会藤田文武
24%
東京17区自由民主党平沢勝栄
24%
三重3区立憲民主党岡田克也
24%
京都1区自由民主党勝目康
24%
東京3区無所属松原仁
24%
比例東京(東京18区)自由民主党長島昭久
24%
埼玉15区自由民主党田中良生
24%
千葉5区自由民主党英利アルフィヤ
24%
宮城6区自由民主党小野寺五典
24%
山形2区自由民主党鈴木憲和
24%
和歌山2区自由民主党石田真敏
24%
山口4区自由民主党吉田真次
24%
兵庫11区自由民主党松本剛明
24%
岩手2区自由民主党鈴木俊一
24%
比例近畿(滋賀1区)国民民主党斎藤アレックス
24%
岩手3区自由民主党藤原崇
24%
北海道2区立憲民主党松木謙公
24%
比例北海道(北海道11区)自由民主党中川郁子
18%
熊本1区自由民主党木原稔
18%
東京14区自由民主党松島みどり
18%
宮城3区自由民主党西村明宏
18%
茨城5区国民民主党浅野哲
18%
比例北関東(比例単独)公明党石井啓一
18%
東京25区自由民主党井上信治
18%
福島3区立憲民主党玄葉光一郎
18%
広島5区自由民主党寺田稔
18%
山形3区自由民主党加藤鮎子
18%
東京11区自由民主党下村博文
18%
長崎1区国民民主党西岡秀子
18%
沖縄1区日本共産党赤嶺政賢
18%
長野5区自由民主党宮下一郎
18%
大分2区自由民主党衛藤征士郎
18%
比例東京(東京3区)自由民主党石原宏高
18%
比例九州(比例単独)自由民主党保岡宏武
18%
北海道11区立憲民主党石川香織
18%
鹿児島1区自由民主党宮路拓馬
18%
東京4区自由民主党平将明
18%
大阪17区日本維新の会馬場伸幸
18%
岩手1区立憲民主党階猛
18%
東京9区立憲民主党山岸一生
18%
鳥取2区自由民主党赤沢亮正
18%
東京1区自由民主党山田美樹
18%
長野4区自由民主党後藤茂之
18%
徳島2区自由民主党山口俊一
12%
比例東北(秋田2区)自由民主党金田勝年
12%
静岡7区自由民主党城内実
12%
福岡6区自由民主党鳩山二郎
12%
比例東北(秋田1区)立憲民主党寺田学
12%
静岡8区立憲民主党源馬謙太郎
12%
比例東北(福島2区)立憲民主党馬場雄基
12%
比例南関東(神奈川8区)自由民主党三谷英弘
12%
岐阜5区自由民主党古屋圭司
12%
比例北関東(比例単独)自由民主党尾身朝子
12%
徳島1区無所属仁木博文
12%
比例北関東(埼玉5区)自由民主党牧原秀樹
12%
愛媛2区自由民主党村上誠一郎
12%
愛知2区国民民主党古川元久
12%
比例北関東(茨城7区)立憲民主党中村喜四郎
12%
熊本4区自由民主党金子恭之
12%
三重1区自由民主党田村憲久
12%
岡山2区自由民主党山下貴司
12%
兵庫10区自由民主党渡海紀三朗
12%
大分3区自由民主党岩屋毅
12%
兵庫2区公明党赤羽一嘉
12%
熊本3区自由民主党坂本哲志
12%
奈良1区立憲民主党馬淵澄夫
12%
大阪18区日本維新の会遠藤敬
12%
大阪16区公明党北側一雄
12%
鹿児島2区無所属三反園訓
12%
奈良3区自由民主党田野瀬太道
12%
和歌山1区日本維新の会林佑美
12%
大阪10区日本維新の会池下卓
12%
沖縄2区社会民主党新垣邦男
12%
広島7区自由民主党小林史明
12%
沖縄3区自由民主党島尻安伊子
12%
比例北海道(比例単独)自由民主党鈴木貴子
12%
大阪5区公明党国重徹
12%
長崎3区自由民主党谷川弥一
12%
比例北海道(北海道3区)立憲民主党荒井優
12%
京都6区立憲民主党山井和則
12%
京都4区無所属北神圭朗
12%
大分1区無所属吉良州司
12%
佐賀2区立憲民主党大串博志
12%
佐賀1区立憲民主党原口一博
12%
比例東北(福島4区)自由民主党菅家一郎
12%
滋賀1区自由民主党大岡敏孝
12%
福井2区自由民主党高木毅
12%
新潟5区無所属米山隆一
12%
千葉13区自由民主党松本尚
12%
比例東海(静岡5区)無所属吉川赳
12%
茨城6区自由民主党国光文乃
12%
東京5区立憲民主党手塚仁雄
12%
比例東海(三重2区)立憲民主党中川正春
12%
東京8区立憲民主党吉田晴美
12%
東京10区自由民主党鈴木隼人
12%
茨城4区自由民主党梶山弘志
12%
東京15区自由民主党柿沢未途
12%
栃木1区自由民主党船田元
12%
比例東海(静岡8区)自由民主党塩谷立
12%
茨城3区自由民主党葉梨康弘
12%
茨城2区自由民主党額賀福志郎
12%
茨城1区無所属福島伸享
12%
福島5区自由民主党吉野正芳
12%
比例北陸信越(富山1区)日本維新の会吉田豊史
12%
富山3区自由民主党橘慶一郎
12%
千葉11区自由民主党森英介
12%
神奈川1区立憲民主党篠原豪
12%
比例近畿(滋賀4区)無所属徳永久志
12%
埼玉8区自由民主党柴山昌彦
12%
埼玉1区自由民主党村井英樹
12%
比例中国(岡山3区)自由民主党阿部俊子
12%
埼玉11区自由民主党小泉龍司
12%
群馬2区自由民主党井野俊郎
12%
埼玉13区自由民主党土屋品子
12%
比例近畿(大阪19区)自由民主党谷川とむ
12%
千葉10区自由民主党林幹雄
12%
栃木4区自由民主党佐藤勉
12%
比例中国(比例単独)自由民主党杉田水脈
12%
千葉2区自由民主党小林鷹之
12%
千葉7区自由民主党齋藤健
12%
栃木2区立憲民主党福田昭夫
12%
比例近畿(兵庫6区)自由民主党大串正樹
12%
東京23区自由民主党小倉將信
12%
福島2区自由民主党根本匠
12%
福島1区立憲民主党金子恵美
12%
宮城4区自由民主党伊藤信太郎
12%
比例東京(東京10区)立憲民主党鈴木庸介
12%
山梨2区自由民主党堀内詔子
12%
北海道12区自由民主党武部新
12%
比例東京(東京1区)日本維新の会小野泰輔
12%
比例東京(比例単独)れいわ新選組櫛渕万里
12%
新潟6区立憲民主党梅谷守
12%
福岡2区自由民主党鬼木誠
12%
新潟4区立憲民主党菊田真紀子
12%
比例北陸信越(新潟6区)自由民主党高鳥修一
12%
新潟2区自由民主党細田健一
12%
青森3区自由民主党木村次郎
12%
宮城1区自由民主党土井亨
12%
宮城2区立憲民主党鎌田さゆり
12%
新潟1区立憲民主党西村智奈美
12%
比例四国(香川1区)自由民主党平井卓也
12%
比例北陸信越(長野2区)自由民主党務台俊介
12%
秋田3区自由民主党御法川信英
12%
神奈川4区立憲民主党早稲田夕季
12%
神奈川5区自由民主党坂井学
12%
比例北陸信越(長野1区)立憲民主党篠原孝
12%
比例北陸信越(石川3区)立憲民主党近藤和也
12%
埼玉2区自由民主党新藤義孝
12%
神奈川9区立憲民主党笠浩史
12%
神奈川10区自由民主党田中和徳
12%
神奈川12区立憲民主党阿部知子
12%
神奈川13区立憲民主党太栄志
12%
熊本2区自由民主党西野太亮
6%
比例四国(比例単独)自由民主党山本有二
6%
福岡11区自由民主党武田良太
6%
比例中国(広島4区)日本維新の会空本誠喜
6%
福岡10区立憲民主党城井崇
6%
福岡9区無所属緒方林太郎
6%
比例中国(広島6区)自由民主党小島敏文
6%
比例九州(宮崎1区)自由民主党武井俊輔
6%
比例九州(鹿児島3区)自由民主党小里泰弘
6%
比例九州(大分2区)立憲民主党吉川元
6%
比例四国(香川2区)自由民主党瀬戸隆一
6%
比例東京(東京5区)自由民主党若宮健嗣
6%
比例中国(比例単独)自由民主党石橋林太郎
6%
比例北関東(埼玉7区)立憲民主党小宮山泰子
6%
比例東北(福島3区)自由民主党上杉謙太郎
6%
比例北陸信越(新潟1区)自由民主党塚田一郎
6%
比例北陸信越(新潟5区)自由民主党泉田裕彦
6%
比例北関東(埼玉12区)自由民主党野中厚
6%
比例北陸信越(新潟4区)自由民主党国定勇人
6%
比例北関東(茨城5区)自由民主党石川昭政
6%
比例北陸信越(比例単独)自由民主党鷲尾英一郎
6%
比例東北(比例単独)自由民主党津島淳
6%
比例南関東(千葉10区)立憲民主党谷田川元
6%
比例南関東(神奈川6区)立憲民主党青柳陽一郎
6%
比例東京(東京12区)日本維新の会阿部司
6%
比例南関東(千葉11区)れいわ新選組多ケ谷亮
6%
比例東京(東京19区)自由民主党松本洋平
6%
比例東京(東京6区)自由民主党越智隆雄
6%
比例東北(宮城2区)自由民主党秋葉賢也
6%
比例北陸信越(長野3区)立憲民主党神津健
6%
比例近畿(大阪5区)れいわ新選組大石晃子
6%
比例近畿(奈良1区)自由民主党小林茂樹
6%
比例近畿(兵庫7区)日本維新の会三木圭恵
6%
比例近畿(京都1区)日本共産党穀田恵二
6%
比例近畿(比例単独)公明党浮島智子
6%
宮崎1区立憲民主党渡辺創
6%
宮崎2区自由民主党江藤拓
6%
宮崎3区自由民主党古川禎久
6%
鹿児島3区立憲民主党野間健
6%
比例北海道(比例単独)公明党佐藤英道
6%
比例東海(静岡6区)立憲民主党渡辺周
6%
比例東海(愛知8区)立憲民主党伴野豊
6%
比例北海道(北海道4区)立憲民主党大築紅葉
6%
比例東海(愛知3区)自由民主党池田佳隆
6%
比例北海道(北海道10区)立憲民主党神谷裕
6%
比例東海(愛知12区)自由民主党青山周平
6%
福岡5区立憲民主党堤かなめ
6%
北海道1区立憲民主党道下大樹
6%
福岡1区自由民主党井上貴博
6%
愛知13区立憲民主党大西健介
6%
北海道9区立憲民主党山岡達丸
6%
大阪6区公明党伊佐進一
6%
東京12区公明党岡本三成
6%
東京6区立憲民主党落合貴之
6%
石川2区自由民主党佐々木紀
6%
京都5区自由民主党本田太郎
6%
秋田2区立憲民主党緑川貴士
6%
滋賀3区自由民主党武村展英
6%
福島4区立憲民主党小熊慎司
6%
愛知15区自由民主党根本幸典
6%
岐阜2区自由民主党棚橋泰文
6%
愛知12区立憲民主党重徳和彦
6%
大阪11区日本維新の会中司宏
6%
栃木3区自由民主党簗和生
6%
群馬3区自由民主党笹川博義
6%
埼玉4区自由民主党穂坂泰
6%
埼玉6区立憲民主党大島敦
6%
愛知6区自由民主党丹羽秀樹
6%
千葉9区立憲民主党奥野総一郎
6%
静岡3区立憲民主党小山展弘
6%
千葉8区立憲民主党本庄知史
6%
埼玉9区自由民主党大塚拓
6%
千葉1区立憲民主党田嶋要
6%
埼玉12区立憲民主党森田俊和
6%
愛知3区立憲民主党近藤昭一
6%
大阪9区日本維新の会足立康史
6%
青森1区自由民主党江渡聡徳
6%
北海道6区自由民主党東国幹
6%
兵庫12区自由民主党山口壯
6%
神奈川8区立憲民主党江田憲司
6%
高知2区自由民主党尾崎正直
6%
愛媛4区自由民主党長谷川淳二
6%
愛媛3区自由民主党井原巧
6%
神奈川16区立憲民主党後藤祐一
6%
東京21区自由民主党小田原潔
6%
山口1区自由民主党高村正大
6%
長野1区自由民主党若林健太
6%
長野2区立憲民主党下条みつ
6%
岡山4区自由民主党橋本岳
6%
岡山3区自由民主党平沼正二郎
6%
山梨1区自由民主党中谷真一
6%
長野3区自由民主党井出庸生
6%
兵庫7区自由民主党山田賢司
6%
北海道3区自由民主党高木宏壽
6%
大阪15区日本維新の会浦野靖人
6%
兵庫5区自由民主党谷公一
6%
東京16区自由民主党大西英男
6%
兵庫1区立憲民主党井坂信彦
6%
東京19区立憲民主党末松義規
6%
北海道4区自由民主党中村裕之
6%
比例東海(愛知1区)立憲民主党吉田統彦
0%
比例東海(比例単独)自由民主党山本左近
0%
比例近畿(比例単独)自由民主党柳本顕
0%
東京22区自由民主党伊藤達也
0%
東京13区自由民主党土田慎
0%
比例近畿(京都4区)自由民主党田中英之
0%
千葉6区自由民主党渡辺博道
0%
比例近畿(兵庫1区)自由民主党盛山正仁
0%
比例東海(三重3区)自由民主党石原正敬
0%
比例近畿(比例単独)自由民主党奥野信亮
0%
比例東海(愛知5区)日本維新の会岬麻紀
0%
比例東海(静岡4区)国民民主党田中健
0%
比例東海(愛知10区)日本維新の会杉本和巳
0%
比例東海(比例単独)日本共産党本村伸子
0%
比例東海(愛知13区)自由民主党石井拓
0%
比例近畿(大阪16区)立憲民主党森山浩行
0%
比例東海(比例単独)公明党中川康洋
0%
比例東海(比例単独)公明党伊藤渉
0%
比例東海(愛知2区)自由民主党中川貴元
0%
比例東海(比例単独)公明党大口善徳
0%
比例東海(愛知4区)立憲民主党牧義夫
0%
比例東海(静岡3区)自由民主党宮沢博行
0%
東京2区自由民主党辻清人
0%
比例近畿(兵庫6区)立憲民主党桜井周
0%
比例近畿(兵庫4区)日本維新の会赤木正幸
0%
埼玉14区自由民主党三ッ林裕巳
0%
比例九州(長崎4区)立憲民主党末次精一
0%
比例四国(比例単独)公明党山崎正恭
0%
比例四国(徳島1区)日本維新の会吉田知代
0%
比例九州(比例単独)自由民主党今村雅弘
0%
比例九州(佐賀1区)自由民主党岩田和親
0%
比例九州(佐賀2区)自由民主党古川康
0%
比例九州(沖縄1区)自由民主党國場幸之助
0%
比例九州(沖縄2区)自由民主党宮崎政久
0%
比例九州(長崎3区)立憲民主党山田勝彦
0%
秋田1区自由民主党冨樫博之
0%
比例九州(福岡2区)立憲民主党稲富修二
0%
比例九州(比例単独)公明党浜地雅一
0%
比例九州(比例単独)公明党吉田宣弘
0%
比例九州(比例単独)公明党金城泰邦
0%
比例九州(比例単独)公明党吉田久美子
0%
比例九州(比例単独)日本共産党田村貴昭
0%
比例九州(福岡4区)日本維新の会阿部弘樹
0%
比例九州(福岡1区)日本維新の会山本剛正
0%
比例四国(愛媛3区)立憲民主党白石洋一
0%
比例中国(比例単独)公明党日下正喜
0%
比例近畿(比例単独)公明党竹内譲
0%
比例近畿(兵庫1区)日本維新の会一谷勇一郎
0%
比例近畿(比例単独)公明党鰐淵洋子
0%
埼玉10区自由民主党山口晋
0%
比例近畿(大阪5区)日本共産党宮本岳志
0%
比例近畿(兵庫3区)日本維新の会和田有一朗
0%
比例近畿(兵庫11区)日本維新の会住吉寛紀
0%
比例近畿(兵庫10区)日本維新の会掘井健智
0%
比例近畿(京都1区)日本維新の会堀場幸子
0%
比例近畿(兵庫5区)日本維新の会遠藤良太
0%
比例近畿(奈良1区)日本維新の会前川清成
0%
比例中国(比例単独)公明党平林晃
0%
比例近畿(兵庫12区)日本維新の会池畑浩太朗
0%
神奈川3区自由民主党中西健治
0%
埼玉7区自由民主党中野英幸
0%
埼玉3区自由民主党黄川田仁志
0%
比例中国(比例単独)自由民主党高階恵美子
0%
比例中国(比例単独)自由民主党畦元将吾
0%
比例中国(岡山4区)立憲民主党柚木道義
0%
比例中国(鳥取2区)立憲民主党湯原俊二
0%
比例北陸信越(比例単独)公明党中川宏昌
0%
比例東京(東京21区)立憲民主党大河原雅子
0%
神奈川6区自由民主党古川直季
0%
比例東北(比例単独)日本共産党高橋千鶴子
0%
大阪1区日本維新の会井上英孝
0%
滋賀4区自由民主党小寺裕雄
0%
滋賀2区自由民主党上野賢一郎
0%
比例東北(福島1区)自由民主党亀岡偉民
0%
愛知14区自由民主党今枝宗一郎
0%
比例東北(宮城1区)立憲民主党岡本章子
0%
愛知11区自由民主党八木哲也
0%
比例東北(比例単独)公明党庄子賢一
0%
比例東北(宮城4区)日本維新の会早坂敦
0%
大阪3区公明党佐藤茂樹
0%
愛知10区自由民主党江崎鉄磨
0%
愛知9区自由民主党長坂康正
0%
愛知8区自由民主党伊藤忠彦
0%
比例北関東(茨城1区)自由民主党田所嘉徳
0%
愛知7区自由民主党鈴木淳司
0%
比例北関東(栃木2区)自由民主党五十嵐清
0%
比例北関東(埼玉6区)自由民主党中根一幸
0%
比例北関東(栃木4区)立憲民主党藤岡隆雄
0%
大阪2区日本維新の会守島正
0%
大阪4区日本維新の会美延映夫
0%
比例北関東(埼玉10区)立憲民主党坂本祐之輔
0%
島根2区自由民主党高見康裕
0%
福岡4区自由民主党宮内秀樹
0%
福岡7区自由民主党藤丸敏
0%
愛媛1区自由民主党塩崎彰久
0%
香川3区自由民主党大野敬太郎
0%
広島6区立憲民主党佐藤公治
0%
広島4区自由民主党新谷正義
0%
広島2区自由民主党平口洋
0%
長崎2区自由民主党加藤竜祥
0%
兵庫8区公明党中野洋昌
0%
比例北海道(北海道9区)自由民主党堀井学
0%
兵庫6区日本維新の会市村浩一郎
0%
兵庫4区自由民主党藤井比早之
0%
兵庫3区自由民主党関芳弘
0%
大阪19区日本維新の会伊東信久
0%
大阪14区日本維新の会青柳仁士
0%
大阪13区日本維新の会岩谷良平
0%
大阪8区日本維新の会漆間譲司
0%
大阪7区日本維新の会奥下剛光
0%
比例北海道(比例単独)自由民主党渡辺孝一
0%
愛知5区自由民主党神田憲次
0%
比例北関東(茨城6区)立憲民主党青山大人
0%
神奈川7区自由民主党鈴木馨祐
0%
富山2区自由民主党上田英俊
0%
比例南関東(神奈川1区)日本維新の会浅川義治
0%
比例南関東(神奈川10区)国民民主党鈴木敦
0%
岐阜4区自由民主党金子俊平
0%
比例東京(比例単独)自由民主党高木啓
0%
岐阜3区自由民主党武藤容治
0%
石川3区自由民主党西田昭二
0%
石川1区自由民主党小森卓郎
0%
比例東京(東京23区)立憲民主党伊藤俊輔
0%
富山1区自由民主党田畑裕明
0%
比例南関東(神奈川10区)日本維新の会金村龍那
0%
福岡3区自由民主党古賀篤
0%
比例東京(比例単独)公明党高木陽介
0%
比例東京(比例単独)公明党河西宏一
0%
比例東京(比例単独)日本共産党笠井亮
0%
比例東京(東京20区)日本共産党宮本徹
0%
新潟3区自由民主党斎藤洋明
0%
神奈川18区自由民主党山際大志郎
0%
神奈川14区自由民主党赤間二郎
0%
比例南関東(千葉6区)日本維新の会藤巻健太
0%
静岡2区自由民主党井林辰憲
0%
愛知4区自由民主党工藤彰三
0%
愛知1区自由民主党熊田裕通
0%
比例北関東(比例単独)公明党輿水恵一
0%
比例北関東(比例単独)公明党福重隆浩
0%
比例北関東(比例単独)日本共産党塩川鉄也
0%
比例北関東(埼玉15区)日本維新の会沢田良
0%
比例北関東(埼玉2区)日本維新の会高橋英明
0%
比例北関東(埼玉14区)国民民主党鈴木義弘
0%
比例南関東(神奈川12区)自由民主党星野剛士
0%
比例南関東(千葉9区)自由民主党秋本真利
0%
比例南関東(神奈川16区)自由民主党義家弘介
0%
比例南関東(比例単独)公明党角田秀穂
0%
比例南関東(神奈川9区)自由民主党中山展宏
0%
比例南関東(千葉1区)自由民主党門山宏哲
0%
比例南関東(神奈川4区)自由民主党山本朋広
0%
静岡6区自由民主党勝俣孝明
0%
比例南関東(神奈川7区)立憲民主党中谷一馬
0%
静岡4区自由民主党深澤陽一
0%
比例南関東(山梨1区)立憲民主党中島克仁
0%
比例南関東(神奈川5区)立憲民主党山崎誠
0%
比例南関東(比例単独)公明党古屋範子
0%
比例九州(宮崎2区)国民民主党長友慎治
0%

Score Distribution

Percentile by Number Answered

Percent of People with Each Score

Your Score History

You have not taken this quiz